Системное проектирование ядерно-технического образования; Инженерное образование; № 2
| Parent link: | Инженерное образование: электронный научный журнал/ Ассоциация инженерного образования России (АИОР).— : [Б. и.], 2003-.— 1810-2883 № 2.— 2004.— [С. 104-113] |
|---|---|
| Altres autors: | , , , |
| Sumari: | Заглавие с титульного листа В статье дано описание системного подхода к проектированию системы многоуровневого непрерывного образования (СМНО), разработанные Северским государственным технологическим институтом в 2002-2003 годах для предприятий атомной отрасли. Представлены теоретико-методологические и организационные основы СМНО, а также первые результаты внедрения в ЗАТО Северск. Результаты работы могут быть применены для решения аналогичных образовательных задач не только в городах Минатома, но и в других малых городах России. The paper describes the system approach to designing multi-level permanent education. The current approach was worked out by Seversk State Technological Institute (SSTI) in 2002-2003 for enterprises of atomic industry. The paper presents the new theoretical-methodical bases of the system of multi-level permanent education, as well as the first results of its implementation in a closed town of Seversk. The conclusions made in the paper may be used to solve similar educational tasks not only in the MINATOM centres but in other small cities of Russia. |
| Idioma: | rus |
| Publicat: |
2004
|
| Col·lecció: | Инновационное и элитное образование |
| Matèries: | |
| Accés en línia: | https://old.aeer.ru/files/io/m2/st15.pdf |
| Format: | MixedMaterials Electrònic Capítol de llibre |
| KOHA link: | https://koha.lib.tpu.ru/cgi-bin/koha/opac-detail.pl?biblionumber=506360 |
MARC
| LEADER | 00000naa2a2200000 4500 | ||
|---|---|---|---|
| 001 | 506360 | ||
| 005 | 20250520152630.0 | ||
| 035 | |a (RuTPU)RU\TPU\prd\177256 | ||
| 035 | |a RU\TPU\prd\177255 | ||
| 090 | |a 506360 | ||
| 100 | |a 20130508d2004 k y0rusy50 ca | ||
| 101 | 0 | |a rus | |
| 102 | |a RU | ||
| 135 | |a drnn ---uucaa | ||
| 181 | 0 | |a i | |
| 182 | 0 | |a b | |
| 200 | 1 | |a Системное проектирование ядерно-технического образования |b Электронный ресурс |f А. Н. Жиганов [и др.] | |
| 203 | |a Текст |c электронный | ||
| 215 | |a 1 файл (173 Кб) | ||
| 225 | 1 | |a Инновационное и элитное образование | |
| 230 | |a Электронные текстовые данные (1 файл : 173 Кб) | ||
| 300 | |a Заглавие с титульного листа | ||
| 320 | |a [Библиогр.: с. 113 (6 назв.)] | ||
| 330 | |a В статье дано описание системного подхода к проектированию системы многоуровневого непрерывного образования (СМНО), разработанные Северским государственным технологическим институтом в 2002-2003 годах для предприятий атомной отрасли. Представлены теоретико-методологические и организационные основы СМНО, а также первые результаты внедрения в ЗАТО Северск. Результаты работы могут быть применены для решения аналогичных образовательных задач не только в городах Минатома, но и в других малых городах России. | ||
| 330 | |a The paper describes the system approach to designing multi-level permanent education. The current approach was worked out by Seversk State Technological Institute (SSTI) in 2002-2003 for enterprises of atomic industry. The paper presents the new theoretical-methodical bases of the system of multi-level permanent education, as well as the first results of its implementation in a closed town of Seversk. The conclusions made in the paper may be used to solve similar educational tasks not only in the MINATOM centres but in other small cities of Russia. | ||
| 337 | |a Adobe Reader | ||
| 461 | 1 | |0 (RuTPU)RU\TPU\prd\176632 |x 1810-2883 |t Инженерное образование |o электронный научный журнал |f Ассоциация инженерного образования России (АИОР) |n [Б. и.] |d 2003- | |
| 463 | 1 | |0 (RuTPU)RU\TPU\prd\177140 |t № 2 |v [С. 104-113] |d 2004 | |
| 601 | 0 | 2 | |a Северский государственный технологический институт (СГТИ) |c (2001-2005) |2 stltpush |3 (RuTPU)RU\TPU\col\5883 |
| 601 | 0 | 2 | |a Администрация ЗАТО Северск |2 stltpush |3 (RuTPU)RU\TPU\col\10111 |9 24799 |
| 610 | 1 | |a ядерно-техническое образование | |
| 610 | 1 | |a системное проектирование | |
| 610 | 1 | |a системный подход | |
| 610 | 1 | |a многоуровневое непрерывне образование | |
| 610 | 1 | |a организационные основы | |
| 610 | 1 | |a теоретико-методологические основы | |
| 610 | 1 | |a внедрение | |
| 610 | 1 | |a результаты | |
| 610 | 1 | |a электронный ресурс | |
| 610 | 1 | |a система | |
| 701 | 1 | |a Жиганов |b А. Н. |g Александр Николаевич | |
| 701 | 1 | |a Карпов |b С. А. |g Сергей Алексеевич | |
| 701 | 1 | |a Кербель |b Б. М. |g Борис Моисеевич | |
| 701 | 1 | |a Медведев |b О. П. |g Олег Петрович | |
| 801 | 1 | |a RU |b 63413507 |c 20090623 |g PSBO | |
| 801 | 2 | |a RU |b 63413507 |c 20160310 |g PSBO | |
| 856 | 4 | |u https://old.aeer.ru/files/io/m2/st15.pdf | |
| 942 | |c BK | ||